ARRUPE JESUIT UNIVERSITY

CORONAVIRUS -STOP THE SPREAD - CLEAN,DISINFECT,COVER

Infinite in all directions: (Record no. 121747)

MARC details
000 -LEADER
fixed length control field 00682nam a22001817a 4500
008 - FIXED-LENGTH DATA ELEMENTS--GENERAL INFORMATION
fixed length control field 150116b xxu||||| |||| 00| 0 eng d
020 ## - INTERNATIONAL STANDARD BOOK NUMBER
International Standard Book Number 0060728892
050 ## - LIBRARY OF CONGRESS CALL NUMBER
Classification number Q175.3.D97 2004
100 ## - MAIN ENTRY--PERSONAL NAME
Personal name Dyson, Freeman J.
9 (RLIN) 14172
245 ## - TITLE STATEMENT
Title Infinite in all directions:
Remainder of title Gifford lectures given at Aberdeen, Scotland, April-November 1985/
Statement of responsibility, etc Freeman J. Dyson ; edited by the author.
260 ## - PUBLICATION, DISTRIBUTION, ETC. (IMPRINT)
Place of publication, distribution, etc New York :
Name of publisher, distributor, etc Harper & Row ,
Date of publication, distribution, etc 1988.
300 ## - PHYSICAL DESCRIPTION
Extent xiii, 321p. ;
Dimensions 20 cm.
500 ## - GENERAL NOTE
General note Includes bibliographical references and index.
650 ## - SUBJECT ADDED ENTRY--TOPICAL TERM
Topical term or geographic name as entry element Science
General subdivision Philosophy
9 (RLIN) 14173
650 ## - SUBJECT ADDED ENTRY--TOPICAL TERM
Topical term or geographic name as entry element Engineering
General subdivision Philosophy
9 (RLIN) 14174
650 ## - SUBJECT ADDED ENTRY--TOPICAL TERM
Topical term or geographic name as entry element Biology
General subdivision Philosophy
9 (RLIN) 14175
942 ## - ADDED ENTRY ELEMENTS (KOHA)
Source of classification or shelving scheme Library of Congress Classification
Item type Monograph ( Printed materials)
Koha issues (borrowed), all copies 2
Holdings
Withdrawn status Lost status Source of classification or shelving scheme Damaged status Not for loan Collection code Home library Current library Shelving location Date acquired Total Checkouts Full call number Barcode Date last seen Date last borrowed Price effective from Koha item type
    Library of Congress Classification     Main Collection ARRUPE LIBRARY ARRUPE LIBRARY Main Collection 16/01/2015 2 Q175.3.D97 2004 46500000244 03/07/2019 17/03/2015 16/01/2015 Monograph ( Printed materials)

 

Arrupe Library. PO Box MP320 Mt Pleasant, Harare, Zimbabwe
263 242 745411|librarian@aju.ac.zw